000 00969nam a2200253Ia 4500
003 OSt
005 20220923212621.0
006 a|||||r|||| 00| 0
007 ta
008 220922b |||||||| |||| 00| 0 hin d
024 _a154,603
037 _cTextual
040 _aARTS
_cARTS
_bhin
041 _2hin
_ahin
082 _aO1520j35,1:g(W94), N3
100 _aप्रसाद, एन वी एस
245 0 _aहिन्दी और तेलुगु काव्य में राष्ट्रीय चेतना
246 _aHindī aur telugu kāvya mean rāṣhṭrīya chetanā
260 _aहैदराबाद
_b दक्षिणाचंलीय साहित्य समिति
_c1993
300 _a140 पृ.
_ccm.
650 _aहिन्दी साहित्य
_9156264
942 _hO1520j35,1:g(W94), N3
_cTEXL
_2CC
999 _c310225
_d310225